| 000 | 00590nam a2200181Ia 4500 | ||
|---|---|---|---|
| 008 | 190422s9999 xx 000 0 und d | ||
| 100 | _aKebede, Getahun Fenta | ||
| 245 | _aSocial capital and entrepreneurial outcomes: evidence form informal sector entrepreneurs in Ethiopia/ | ||
| 245 | _cGetahun Fenta Kebede.-- | ||
| 260 | _bSage | ||
| 260 | _c2018 | ||
| 300 | _apages 209-242, September 2018 | ||
| 440 |
_aThe Journal of ENTREPRENEURSHIP _v27(2) |
||
| 650 | _aEntrepreneurial Outcome | ||
| 650 | _aEntrepreneurs | ||
| 650 | _aSocial Capital | ||
| 650 | _aSocial Network Analysis | ||
| 999 |
_c361446 _d361446 |
||